Fr. Conceicao Rodrigues College of Engineering

How to succeed in group discussions and personal interview (Record no. 18153)

MARC details
000 -LEADER
fixed length control field 00363nam a2200157Ia 4500
082 ## - DEWEY DECIMAL CLASSIFICATION NUMBER
Item number MAN
100 ## - MAIN ENTRY--PERSONAL NAME
Personal name Mandal/S.K
245 ## - TITLE STATEMENT
Title How to succeed in group discussions and personal interview
260 ## - PUBLICATION, DISTRIBUTION, ETC.
Name of publisher, distributor, etc. Jaico Publishing House
Date of publication, distribution, etc. 2014
366 ## - TRADE AVAILABILITY INFORMATION
Publishers's discount category 28
300 ## - PHYSICAL DESCRIPTION
Extent 175
546 ## - LANGUAGE NOTE
Language note ENGLISH
650 ## - SUBJECT ADDED ENTRY--TOPICAL TERM
Topical term or geographic name entry element intervew
654 ## - SUBJECT ADDED ENTRY--FACETED TOPICAL TERMS
Focus term group discussion
942 ## - ADDED ENTRY ELEMENTS (KOHA)
Koha item type BOOK
Holdings
Withdrawn status Lost status Damaged status Not for loan Collection Home library Current library Date acquired Cost, normal purchase price Total Checkouts Full call number Barcode Date last seen Cost, replacement price Price effective from Koha item type
        CRC Fr. Agnel's C.Rodrigues College of Engineering Fr. Agnel's C.Rodrigues College of Engineering 17/03/2023 162.00   MAN 23985 17/03/2023 225.00   BOOK